LEADER 00887nam a2200193 i 4500 001 000000215199 003 CaOOAMICUS 005 20120816000000.0 008 120816s1807 it u000 u mul u 013 $a194071 026 $at.um reli e-he chDi (3) 1807 (R) 040 $aSeMil$bita 245 10$aTomo 9. 300 $aVIII, 421, [1] p., p. IX, [1] p. 500 $aContiene confutazione delle opere di Jakob Brucker. - Segn. : pigreco4 A-3G4-3G4. 773 0 $aGerdil, Giacinto Sigismondo <1718-1802>$tOpere edite ed inedite del cardinale Giacinto Sigismondo Gerdil ... dedicate alla Santità di N. S. Pio 7. p. m. Tomo 1. [-20.].$dIn Roma : Dalle stampe di Vincenzo Poggioli, in via dell'Anima n. 10, 1806-1821.$g9$w()27233 850 $aSeMil 852 $aSeMil$W1$xVenegono$y1$m2B V 9 FA$j165620$B165620$CSeMilBibl$Z2$F176621 $8I 996 $6245$aTomo 9$9(OLS)http://semarc/title/194409 LEADER 01303nam a2200265 i 4500 001 000000125731 003 CaOOAMICUS 005 20040423000000.0 008 040423s1930 it u000 u ita u 013 $a98432 040 $aSeMil$bita 100 1 $aVitaletti, Guido.$0(OLS)http://semarc/name/52225 245 10$aMichelangelo :$bLettere e rime /$cGuido Vitaletti ; Precedute dalla Vita di Ascanio Condivi ; aggiuntovi il Dialogo della Pittura di Francisco da Hollanda , la stampa giuntina delle Esequie (1574) e alte illustrazioni del tempo. 260 $aTorino [etc.] :$bSEI,$c1930. 300 $aVIII, 335 p., [10] p. di tav. ;$c20 cm. 490 0 $aScrittori italiani commentati per le scuole 650 4$aEpistolari.$0(OLS)http://semarc/subject/1376 700 1 $aFrancisco : de Hollanda.$0(OLS)http://semarc/name/52227 700 1 $aCondivi, Ascanio.$0(OLS)http://semarc/name/52226 830 0$aScrittori italiani commentati per le scuole.$0(OLS)http://semarc/title/10722 850 $aSeMil 852 $aSeMil$W1$xVenegono$y1$m54 52 2 *$j80152$B80152$CSeMilBibl$Z2$F82324 $81 961 $aRecupero: Biblioteca Seminario Liceale 996 $6245$aMichelangelo :$bLettere e rime$9(OLS)http://semarc/title/185203 996 $6260$aTorino [etc.] :$bSEI$9(OLS)http://semarc/publisher/32375